Rinaldo a Armida

Bibliographic Details
Main Author: Boucher, François 1703-1770 (Author)
Format: Article
Language:Slovak
Subjects:

MARC

LEADER 00000nab a22000001a 4500
001 vtls008996159
003 SK-MaSNL
005 20260303044432.0
008 070605d1932 xo |r|p|||| |000 b|slo
015 |a SNBRRBVU1918-1938 
038 |a SNKBUCL 
038 |a SNKBUVU 
040 |a SNKBUVU  |b slo  |c SNKBUCL  |e AACR2 
041 0 |a slo 
044 |a xo  |c SK 
080 |a 75.051:75.021.32  |2 1997 
080 |a 75.021.32  |2 1997 
100 1 |a Boucher, François  |d 1703-1770  |4 aut  |9 1033437 
245 1 0 |a Rinaldo a Armida  |c François Boucher 
500 |a Boucher, François - franc. maliar (29.9.1703 Paríž - 30.5.1770 Paríž) 
650 0 7 |a francúzske maliarstvo  |2 MM  |9 3115 
650 0 7 |a maľby  |2 MM  |9 313520 
655 7 |a reprodukcie výtvarných diel  |2 MM  |9 310790 
773 0 |t Nový svet  |g Roč. 7, č. 5 (1932), s. obálka 
852 |a SNK  |b KIS3GCP 
910 |a snkrbvumm 
958 |a VY 
958 |a FR 
999 |c 1700358  |d 1702288